| 000 | 00367 a2200157 4500 | ||
|---|---|---|---|
| 001 | 47615 | ||
| 020 | _a9788516080457 | ||
| 040 | _cAnchieta - Aquarius | ||
| 100 | _aFlávia, Reis | ||
| 240 | 1 | 0 |
_aOs perguntadores da garrafa _lpor |
| 245 | 1 | 0 | _aOs perguntadores da garrafa |
| 300 | _a95 p. | ||
| 362 | 0 | _a2012 | |
| 650 | 4 | _aLiteratura infanto-juvenil | |
| 942 | _cBK | ||
| 999 |
_c47615 _d47615 |
||